[Event "Stay Safe Play From Home 173"]
[Site "T#646330Emanuel Laske"]
[Date "2020.05.25"]
[Round "5"]
[White "praveen prasad"]
[Black "Don59as"]
[Result "1/2-1/2"]
[WhiteElo "2298"]
[BlackElo "1963"]
[Annotator "NA"]
[PlyCount "111"]
[EventDate "2020.05.25"]
[EventType "swiss (blitz)"]

1. e4 {[%emt 0:00:01]} e5 {[%emt 0:00:01]} 2. Nf3 {[%emt 0:00:01]} Nc6 {[%emt 0:00:01]} 3. Nc3 {[%emt 0:00:01]} d6 {[%emt 0:00:01]} 4. d4 {[%emt 0:00:02]} exd4 {[%emt 0:00:01]} 5. Nxd4 {[%emt 0:00:00]} Nf6 {[%emt 0:00:01]} 6. Bc4 {[%emt 0:00:04]} Be7 {[%emt 0:00:02]} 7. O-O {[%emt 0:00:01]} O-O {[%emt 0:00:01]} 8. f4 {[%emt 0:00:01]} Bd7 {[%emt 0:00:01]} 9. a4 {[%emt 0:00:02]} a6 {[%emt 0:00:01]} 10. Be3 {[%emt 0:00:01]} Rb8 {[%emt 0:00:01]} 11. h3 {[%emt 0:00:01]} Nxd4 {[%emt 0:00:01]} 12. Bxd4 {[%emt 0:00:01]} b5 {[%emt 0:00:00]} 13. axb5 {[%emt 0:00:02]} axb5 {[%emt 0:00:01]} 14. Bb3 {[%emt 0:00:00]} b4 {[%emt 0:00:00]} 15. Nd5 {[%emt 0:00:01]} Nxd5 {[%emt 0:00:01]} 16. exd5 {[%emt 0:00:00]} Bf6 {[%emt 0:00:01]} 17. f5 {[%emt 0:00:02]} Bb5 {[%emt 0:00:02]} 18. Rf3 {[%emt 0:00:03]} Re8 {[%emt 0:00:01]} 19. Rf2 {[%emt 0:00:03]} Bxd4 {[%emt 0:00:02]} 20. Qxd4 {[%emt 0:00:00]} Qg5 {[%emt 0:00:01]} 21. f6 {[%emt 0:00:02]} g6 {[%emt 0:00:02]} 22. Qf4 {[%emt 0:00:03]} Qxf4 {[%emt 0:00:02]} 23. Rxf4 {[%emt 0:00:00]} h6 {[%emt 0:00:02]} 24. Rxb4 {[%emt 0:00:02]} Bd7 {[%emt 0:00:02]} 25. Rxb8 {[%emt 0:00:01]} Rxb8 {[%emt 0:00:01]} 26. Ra7 {[%emt 0:00:00]} Rc8 {[%emt 0:00:02]} 27. Ba4 {[%emt 0:00:01]} Bxa4 {[%emt 0:00:02]} 28. Rxa4 {[%emt 0:00:00]} g5 {[%emt 0:00:00]} 29. c4 {[%emt 0:00:08]} Kh7 {[%emt 0:00:01]} 30. b4 {[%emt 0:00:00]} Kg6 {[%emt 0:00:01]} 31. c5 {[%emt 0:00:01]} dxc5 {[%emt 0:00:00]} 32. bxc5 {[%emt 0:00:00]} Kxf6 {[%emt 0:00:00]} 33. Ra6+ {[%emt 0:00:00]} Ke5 {[%emt 0:00:01]} 34. d6 {[%emt 0:00:06]} cxd6 {[%emt 0:00:01]} 35. Rxd6 {[%emt 0:00:00]} Rxc5 {[%emt 0:00:02]} 36. Rxh6 {[%emt 0:00:00]} f6 {[%emt 0:00:01]} 37. Kh2 {[%emt 0:00:00]} Rc3 {[%emt 0:00:01]} 38. Rh8 {[%emt 0:00:01]} Kf5 {[%emt 0:00:01]} 39. Re8 {[%emt 0:00:00]} Kf4 {[%emt 0:00:01]} 40. Re1 {[%emt 0:00:00]} f5 {[%emt 0:00:01]} 41. Rf1+ {[%emt 0:00:00]} Ke5 {[%emt 0:00:01]} 42. Rg1 {[%emt 0:00:00]} g4 {[%emt 0:00:02]} 43. Re1+ {[%emt 0:00:00]} Kf6 {[%emt 0:00:01]} 44. hxg4 {[%emt 0:00:00]} fxg4 {[%emt 0:00:01]} 45. Rf1+ {[%emt 0:00:00]} Kg5 {[%emt 0:00:01]} 46. Rf8 {[%emt 0:00:00]} Rc6 {[%emt 0:00:02]} 47. Rg8+ {[%emt 0:00:00]} Rg6 {[%emt 0:00:01]} 48. Rxg6+ {[%emt 0:00:00]} Kxg6 {[%emt 0:00:01]} 49. g3 {[%emt 0:00:01]} Kg5 {[%emt 0:00:01]} 50. Kg2 {[%emt 0:00:00]} Kf5 {[%emt 0:00:00]} 51. Kf2 {[%emt 0:00:00]} Ke4 {[%emt 0:00:01]} 52. Ke2 {[%emt 0:00:01]} Kd4 {[%emt 0:00:00]} 53. Kd2 {[%emt 0:00:00]} Ke4 {[%emt 0:00:00]} 54. Ke2 {[%emt 0:00:01]} Kd4 {[%emt 0:00:01] Don59as offers a draw} 55. Kd2 {[%emt 0:00:00]} Ke4 {[%emt 0:00:01]} 56. Ke2 {[%emt 0:00:00] (Lag: Av=0.89s, max=1.4s)} 1/2-1/2

[Event "Stay Safe Play From Home 173"]
[Site "T#646330Emanuel Laske"]
[Date "2020.05.25"]
[Round "5"]
[White "Mepe_Nika"]
[Black "SoulofWolf"]
[Result "1-0"]
[WhiteElo "2231"]
[BlackElo "2273"]
[Annotator "TA"]
[PlyCount "115"]
[EventDate "2020.05.25"]
[EventType "swiss (blitz)"]

{[%evp 10,115,25,16,15,-4,34,4,6,0,17,14,35,21,205,98,93,66,278,113,117,127,136,25,73,74,83,0,0,-47,3,-222,-195,-533,-368,-410,-375,-422,-433,-826,-826,-806,-793,-2839,-2893,-2169,-1140,-29981,-1879,-29998,-29999,-29999,529,516,523,512,539,470,595,507,500,487,789,789,808,808,786,778,991,971,1125,1069,1259,1201,1145,1099,1068,1016,912,568,1384,812,1410,1154,1337,1275,29992,29993,29993,29986,29993,29994,29994,29987,29987,29988,29988,29989,29989,29990,29991,29990,29991,29990,29990,29990,29990,29989]} 1. d4 e6 2. Bf4 d5 3. e3 Bd6 4. Bg3 Nf6 5. Nf3 Ne4 6. Nbd2 Nxg3 {D02: 1 d4 d5 2 Nf3 sidelines, including 2...Nf6 3 g3 and 2...Nf6 3 Bf4.} 7. hxg3 c5 8. c3 Nc6 {The position is equal.} 9. Bd3 b6 10. Qe2 h6 11. e4 $36 {[%mdl 2048] [#] Bb5 is the strong threat. White is pushing.} dxe4 $146 {[#]} (11... Kf8 $11 {and Black is okay.}) ({Predecessor:} 11... cxd4 12. exd5 dxc3 13. bxc3 Ne7 14. Bb5+ Kf8 15. dxe6 Bxe6 16. Ne4 Nd5 17. Rd1 Qc7 18. O-O Be7 19. Nd4 Nxc3 20. Nxe6+ fxe6 21. Qf3+ {1-0 (21) Koellner,R (2078)-Fuhlrott,T (1856) Dortmund 2017}) 12. Nxe4 ({Resist} 12. Bxe4 $6 Bb7 $16) (12. Qxe4 $18 Bb7 13. Bb5) 12... Be7 $16 {[%cal Rc5d4]} 13. O-O-O Bd7 $2 (13... Qc7 $1 $14) 14. Kb1 (14. dxc5 $18 {and the rest is easy. Strongly threatening Bb5.} bxc5 15. Bb5) 14... Qc7 15. dxc5 bxc5 16. Bc4 ({White should play} 16. Rh5 $16) 16... O-O-O 17. g4 Kb8 18. Qe3 (18. Bb5 $16) 18... Na5 $11 19. Be2 Rhe8 (19... f5 $5 {[%cal Rf5e4]} 20. Ned2 Bf6 21. gxf5 exf5 $15) 20. Nfd2 $2 (20. Rxd7 $11 {and White has nothing to worry.} Qxd7 21. Ne5) 20... f5 $19 21. Ng3 $2 (21. gxf5 {is more resistant.} exf5 22. Bh5) 21... f4 22. Qe4 fxg3 23. fxg3 Bc6 24. Qe3 (24. Qg6 $142) 24... Bg5 25. Qxc5 Rxd2 26. b4 Nb7 27. Qc4 Red8 {[#] Hoping for ...Be4+!} 28. Rdf1 Bd5 (28... Nd6 $142 29. Qb3 Rxe2 30. Rh5 Bd5 31. Rxg5 Bxb3 32. Rc5 Rxa2 33. Rxc7 Ne4 34. Rc6 Nd2+ {[%mdl 64] Double Attack} 35. Kc1 Rc2+ 36. Kd1 Nf3+ 37. Rd6 Rxd6#) 29. Qb5 Bxa2+ 30. Ka1 Qc4 $4 {[%mdl 8192]} (30... Qxc3# {avoids the disaster.}) 31. Bxc4 $18 Bxc4 32. Qxc4 R2d7 33. Qb5 a6 34. Qa4 Rd6 35. Rd1 Be7 (35... Bd2 $142 36. Kb1 Bxc3 37. Rxd6 Rxd6) 36. Rxd6 Rxd6 37. Rd1 Rxd1+ 38. Qxd1 Kc7 39. Qe2 Nd6 40. Qxa6 Kd7 41. Qa7+ Ke8 42. Qe3 Kf7 43. Qf2+ Ke8 44. b5 Kd7 45. b6 Nb7 46. Qf3 Nd6 47. Qa8 Nb7 48. Qxb7+ {White mates.} Ke8 49. Qa6 Kf7 50. b7 Bf6 51. Qa8 Bxc3+ 52. Ka2 Be5 53. b8=Q Bxb8 54. Qxb8 Kf6 55. Qb7 e5 56. Qb6+ Kf7 57. Qc6 e4 58. Qd5+ {A wild game. Accuracy: White = 38%, Black = 47%.} 1-0

[Event "Stay Safe Play From Home 173"]
[Site "T#646330Emanuel Laske"]
[Date "2020.05.25"]
[Round "5"]
[White "Lamborghini"]
[Black "Lazieri3"]
[Result "1-0"]
[WhiteElo "2178"]
[BlackElo "2109"]
[Annotator "TA"]
[PlyCount "95"]
[EventDate "2020.05.25"]
[EventType "swiss (blitz)"]

{[%evp 14,95,41,24,39,0,22,-10,588,600,577,577,583,450,29997,406,404,236,434,426,429,-17,110,106,92,25,106,14,62,26,133,130,130,124,265,127,129,131,600,522,544,154,795,783,839,780,750,742,29995,766,29985,29986,29998,699,662,613,621,541,631,641,1761,783,1679,556,643,514,562,0,625,441,495,489,526,497,487,484,1535,1368,5712,1110,29978,29975,29967,5477]} 1. e4 c6 2. d4 d5 3. Nc3 {[%cal Bb1c3,Bc3e4,Be4g5][%mdl 32]} dxe4 4. Nxe4 Nd7 5. Ng5 Ngf6 6. Bd3 e6 7. N1f3 h6 8. Nxe6 fxe6 {B17: Caro-Kann: Modern Line (4...Nd7).} 9. Bg6+ Ke7 10. O-O Kd6 $2 {[%mdl 8192]} (10... Qc7 $1 $11 {and Black is okay.}) 11. Bf4+ $18 Ke7 {[#]} 12. Re1 $1 {[%mdl 512] White wants to mate with Rxe6+!} Nb6 13. Qe2 Bd7 {[#]} (13... Qd5 $18 14. b3 Nh5) 14. c4 (14. Bd6+ $142 $1 {[%mdl 512]} Kxd6 15. Qe5+ Ke7 16. Qc5#) 14... Qc8 {[#]} 15. Rad1 $146 (15. Rac1 $142) ({Predecessor:} 15. Rac1 Kd8 16. Ne5 Be8 17. Nf7+ Bxf7 18. Bxf7 {1-0 (18) Patosalmi,J (1946)-Tocklin,T (1822) Helsinki 2018}) 15... Kd8 $2 (15... Be8) 16. Ne5 {aiming for Nf7+.} Be8 17. b3 $2 (17. Bxe8 $18 Kxe8 18. Qd3) 17... Bxg6 (17... Bb4 $11) 18. Nxg6 $16 Rg8 19. Qd2 ({White should try} 19. Bd2 $16) 19... Be7 (19... a5 $1 $11 {remains equal.}) 20. Qb2 ({Not} 20. Nxe7 Kxe7 21. Re3 (21. Qa5 Kf7 $17) 21... Rf8 $15) (20. Bg3 $16) 20... Qd7 $11 21. a3 Bd6 (21... Nc8 $11) 22. Bxd6 $1 $16 Qxd6 23. c5 {[%mdl 64] Double Attack} Qd5 (23... Qd7 $16) 24. cxb6 (24. Nf4 $1 $18 {[%cal Rf4d5]} Qf5 25. Nxe6+ Kc8 26. Re5 (26. cxb6 axb6 27. Re5 Qg6 $16)) 24... axb6 25. Nf4 $36 {[%mdl 2048] Keeping Black busy.} Qa5 $2 {[%mdl 8192]} (25... Qd6 $16) 26. Nxe6+ Kc8 {[#]} 27. a4 $2 (27. d5 $1 $18 {[%mdl 512] and the rest is easy.}) 27... b5 $2 {[#]} (27... Nd5 $16 28. Re5 Qb4) 28. d5 $1 $18 {[%mdl 512]} bxa4 (28... cxd5 29. axb5) 29. dxc6 bxc6 30. bxa4 Qxa4 31. Qc3 (31. Qb6 $142 Nd5 {[#]} 32. Rxd5 $1 {[%mdl 512]} Ra7 33. Rd8+ Rxd8 34. Qxd8+ Kb7 35. Nc5#) 31... Nd5 32. Rxd5 Qa3 33. Qxa3 (33. Qxc6+ $142 Kb8 34. Qc7#) 33... Rxa3 34. Rc5 Kd7 35. Nf4 Kd6 36. Rcc1 Rf8 37. g3 g5 38. Ne2 Ra2 39. Red1+ Kc7 40. Re1 Kd6 $1 41. Kg2 Kc7 42. h3 Kd6 43. Rcd1+ Kc7 44. Rd3 Rxe2 (44... c5 $142 45. Re3 Rf6) 45. Rxe2 Rf7 46. Rc2 g4 47. Rdc3 gxh3+ 48. Kxh3 {Accuracy: White = 30%, Black = 25%.} 1-0

[Event "Stay Safe Play From Home 173"]
[Site "T#646330Emanuel Laske"]
[Date "2020.05.25"]
[Round "5"]
[White "Archi-ak"]
[Black "Fischer_11"]
[Result "0-1"]
[WhiteElo "2076"]
[BlackElo "1874"]
[Annotator "NA"]
[PlyCount "88"]
[EventDate "2020.05.25"]
[EventType "swiss (blitz)"]

1. Nf3 {[%emt 0:00:01]} Nf6 {[%emt 0:00:01]} 2. g3 {[%emt 0:00:00]} e6 {[%emt 0:00:00]} 3. Bg2 {[%emt 0:00:00]} d5 {[%emt 0:00:00]} 4. O-O {[%emt 0:00:00]} c6 {[%emt 0:00:00]} 5. d3 {[%emt 0:00:00]} Be7 {[%emt 0:00:00]} 6. Nbd2 {[%emt 0:00:00]} O-O {[%emt 0:00:00]} 7. c3 {[%emt 0:00:00]} Nbd7 {[%emt 0:00:00]} 8. e4 {[%emt 0:00:00]} c5 {[%emt 0:00:00]} 9. Qc2 {[%emt 0:00:01]} c4 {[%emt 0:00:01]} 10. dxc4 {[%emt 0:00:02]} dxe4 {[%emt 0:00:02]} 11. Nxe4 {[%emt 0:00:01]} Nxe4 {[%emt 0:00:00]} 12. Qxe4 {[%emt 0:00:00]} Nf6 {[%emt 0:00:01]} 13. Qc2 {[%emt 0:00:00]} Qc7 {[%emt 0:00:01]} 14. b3 {[%emt 0:00:01]} Bd7 {[%emt 0:00:03]} 15. Bf4 {[%emt 0:00:01]} Qc8 {[%emt 0:00:01]} 16. Rad1 {[%emt 0:00:01]} Bc6 {[%emt 0:00:00]} 17. Rfe1 {[%emt 0:00:01]} Rd8 {[%emt 0:00:00]} 18. Ne5 {[%emt 0:00:01]} Rxd1 {[%emt 0:00:02]} 19. Rxd1 {[%emt 0:00:01]} Bxg2 {[%emt 0:00:01]} 20. Kxg2 {[%emt 0:00:00]} Nh5 {[%emt 0:00:01]} 21. Be3 {[%emt 0:00:02]} Nf6 {[%emt 0:00:02]} 22. Qd3 {[%emt 0:00:03]} Qd8 {[%emt 0:00:04]} 23. Qxd8+ {[%emt 0:00:01]} Rxd8 {[%emt 0:00:00]} 24. Rxd8+ {[%emt 0:00:01]} Bxd8 {[%emt 0:00:00]} 25. Bxa7 {[%emt 0:00:00]} Bc7 {[%emt 0:00:02]} 26. Bd4 {[%emt 0:00:02]} Ne4 {[%emt 0:00:01]} 27. f3 {[%emt 0:00:03]} Nd6 {[%emt 0:00:02]} 28. Nd3 {[%emt 0:00:02]} f6 {[%emt 0:00:01]} 29. Kf2 {[%emt 0:00:02]} e5 {[%emt 0:00:00]} 30. Bc5 {[%emt 0:00:01]} Nf5 {[%emt 0:00:02]} 31. g4 {[%emt 0:00:03]} Nh4 {[%emt 0:00:02]} 32. h3 {[%emt 0:00:02]} Ng6 {[%emt 0:00:00]} 33. Kg3 {[%emt 0:00:01]} e4+ {[%emt 0:00:01]} 34. Kf2 {[%emt 0:00:07]} exd3 {[%emt 0:00:01]} 35. Ke3 {[%emt 0:00:00]} Nf4 {[%emt 0:00:05]} 36. Bd4 {[%emt 0:00:04]} Kf7 {[%emt 0:00:02]} 37. h4 {[%emt 0:00:01]} g5 {[%emt 0:00:02]} 38. hxg5 {[%emt 0:00:01]} fxg5 {[%emt 0:00:00]} 39. b4 {[%emt 0:00:01]} Ke6 {[%emt 0:00:03]} 40. a4 {[%emt 0:00:02]} Be5 {[%emt 0:00:01]} 41. Bc5 {[%emt 0:00:02]} Bxc3 {[%emt 0:00:01]} 42. b5 {[%emt 0:00:00]} d2 {[%emt 0:00:01]} 43. Bf8 {[%emt 0:00:03]} d1=Q {[%emt 0:00:00]} 44. Bh6 {[%emt 0:00:01]} Qe2# {[%emt 0:00:00] (Lag: Av=0.66s, max=1.2s)} 0-1

[Event "Stay Safe Play From Home 173"]
[Site "T#646330Emanuel Laske"]
[Date "2020.05.25"]
[Round "5"]
[White "Weltszmerc"]
[Black "Rogan"]
[Result "1-0"]
[WhiteElo "1982"]
[BlackElo "2279"]
[Annotator "TA"]
[PlyCount "109"]
[EventDate "2020.05.25"]
[EventType "swiss (blitz)"]

{[%evp 12,108,24,12,30,13,14,-2,-2,-23,-22,-42,-37,-43,-23,-35,-22,-34,3,-12,35,35,47,46,52,40,47,23,97,89,98,98,91,73,181,181,181,181,560,554,570,570,550,449,569,548,547,538,494,427,633,586,603,599,643,619,471,0,508,407,710,842,817,802,1496,1450,1808,1654,2909,3646,3074,2724,2345,2232,3462,2795,29988,29989,29989,29990,29991,29991,29991,29992,29992,29993,29993,29994,29995,29996,29996,29995,29995,29996,29996,29997,29998,29999,29999]} 1. d4 d5 2. c4 c6 3. Nf3 Nf6 4. g3 g6 5. Bg2 Bg7 6. O-O O-O 7. Nbd2 Bg4 {7...a5 is setting a new trend. D78: Fianchetto Grünfeld: 6 0-0 c6.} 8. Ne5 Be6 9. Qb3 Qb6 {[#] The position is equal.} 10. c5 $146 ({Predecessor:} 10. Qxb6 axb6 11. b3 Nbd7 12. Bb2 Nxe5 13. dxe5 Ng4 14. cxd5 cxd5 15. Nf3 Rfc8 16. h3 {1-0 (49) Otte,M (2187)-Poetsch,K (2140) Bad Neustadt/Saale 2008}) 10... Qxb3 11. axb3 Nbd7 12. f4 Nxe5 13. fxe5 Nd7 14. b4 Bg4 (14... f6 {feels hotter.} 15. exf6 Rxf6 16. Nf3 Bg4 17. Bf4 Rf7) 15. Bf3 (15. Re1 {seems wilder.} a6 16. e4 dxe4 17. Nxe4 Rad8 18. h3) 15... Bxf3 (15... Bf5 {keeps more tension.} 16. Nb3 f6 17. exf6 Bxf6 18. b5 e5) 16. exf3 e6 17. f4 a6 18. Nb3 f6 19. Be3 fxe5 (19... h6 $11) 20. fxe5 $16 {White stays focused until the end.} Rf5 21. g4 Rxf1+ 22. Rxf1 Rf8 (22... Rb8 $16) 23. Rxf8+ $18 Bxf8 {[%mdl 4096] Endgame KBN-KBN} 24. Na5 b6 $2 {[#]} (24... Be7 {is a better chance.} 25. Nxb7 g5) 25. Nxc6 bxc5 26. bxc5 Kf7 27. b4 Ke8 28. Kf2 Be7 29. Ke2 Bh4 30. Kd3 Be1 (30... h5 $142 31. h3 Be7) 31. Bd2 Bf2 32. h3 h5 33. Be3 Be1 34. Bd2 Bf2 $1 35. Ke2 Bg1 (35... Bh4 $142 36. Kd3 Kf7) 36. Be3 Bh2 37. Kf3 hxg4+ 38. hxg4 g5 39. Kg2 Bf4 40. Bxf4 gxf4 {KN-KN} 41. Kf3 Nf8 42. Kxf4 Ng6+ 43. Kg5 Nh4 44. Kxh4 {KN-K3P. White mates.} Kd7 45. Na5 Kc7 46. Kh5 Kd7 47. g5 Ke8 48. g6 Kf8 49. Kg5 Kg8 50. c6 Kf8 51. c7 Ke7 52. g7 Kf7 {[#]} 53. g8=Q+ $1 Ke7 (53... Kxg8 54. Kf6) 54. Qg7+ Ke8 55. c8=Q# {Accuracy: White = 97%, Black = 43%.} 1-0

[Event "Stay Safe Play From Home 173"]
[Site "T#646330Emanuel Laske"]
[Date "2020.05.25"]
[Round "5"]
[White "The Next Contender"]
[Black "Haxhi Baha"]
[Result "1/2-1/2"]
[WhiteElo "1934"]
[BlackElo "1985"]
[Annotator "TA"]
[PlyCount "91"]
[EventDate "2020.05.25"]
[EventType "swiss (blitz)"]

{[%evp 10,90,47,24,38,-17,-9,-9,0,-26,37,-20,8,-14,55,70,204,101,537,530,664,620,619,576,584,453,523,457,1043,1010,1550,1360,1239,990,987,987,965,965,990,989,975,962,925,772,769,767,808,794,810,810,950,935,937,937,892,866,1006,997,962,0,2089,1852,1631,1769,1482,1377,7943,6860,29971,29972,29987,29988,29989,29990,29990,29990,29990,29991,29993,29994,29994,29989,29989]} 1. d4 d5 2. c4 e5 3. dxe5 d4 4. Nf3 Nc6 5. a3 Nge7 6. e3 {[%cal Re3d4]} Bg4 {D07: Queen's Gambit: Chigorin Defence.} 7. exd4 (7. Qb3 $14) 7... Bxf3 $1 $11 8. Qxf3 {[#] Black must now prevent d5.} Qxd4 {The position is equal.} 9. Be2 {[#]} O-O-O $146 (9... Qxe5 $11 10. Nc3 Ng6) ({Predecessor:} 9... Qxe5 10. Qe3 Qxe3 11. Bxe3 Nf5 12. Bf4 Nfd4 13. Bd1 O-O-O 14. O-O h6 15. Nc3 g5 {0-1 (33) Evans,N (1755)-Adebajo,O (1934) Penarth 2013}) 10. O-O (10. Qxf7 $14 Qxe5 11. Nc3) 10... Nxe5 11. Qh3+ Kb8 (11... Qd7 $1 $11) 12. Nc3 $36 {[%mdl 2048] Threatens to win with Rd1. White has the initiative.} N7c6 {White stays focused until the end.} ({Better is} 12... Qd7 $14) 13. Be3 (13. Rd1 $18 {is the precise move to win.} Qc5 14. Be3) 13... Nf3+ $2 {[%mdl 8192]} (13... Qd7 $16 {is more resistant.}) 14. Bxf3 Qe5 15. Bxc6 bxc6 16. Rfd1 Bd6 17. Qg3 Qf6 18. Qg5 Qe6 (18... Qxg5 $142 19. Bxg5 f6) 19. Qa5 $18 Kc8 20. Qxa7 Kd7 21. c5 {[%mdl 64] [#] Pin} Ra8 22. Rxd6+ Qxd6 23. Qxa8 Rxa8 24. cxd6 cxd6 25. Rd1 d5 26. Nxd5 cxd5 27. Rxd5+ {[%mdl 4096] Endgame KRB-KR} Ke6 28. Rd1 Rb8 29. Bd4 f6 30. Bc3 Rc8 31. g3 g5 32. Kg2 h5 33. Re1+ Kf5 34. Re4 $2 (34. a4 $18 Rc4 35. Ra1) 34... g4 $2 {[%mdl 8192]} (34... Kxe4 $11 35. Bxf6 g4) 35. Rf4+ Kg5 36. Bxf6+ Kg6 37. Bc3 Rd8 38. h3 Rd1 39. hxg4 {White mates.} h4 40. gxh4 Rb1 41. Rf6+ Kh7 42. h5 Kg8 43. g5 Kh7 44. Rf7+ Kg8 45. g6 Rg1+ 46. Kxg1 {Accuracy: White = 40%, Black = 13%.} 1/2-1/2

[Event "Stay Safe Play From Home 173"]
[Site "T#646330Emanuel Laske"]
[Date "2020.05.25"]
[Round "5"]
[White "Lucknow"]
[Black "Majstor-resa"]
[Result "1-0"]
[WhiteElo "1907"]
[BlackElo "1645"]
[Annotator "TA"]
[PlyCount "71"]
[EventDate "2020.05.25"]
[EventType "swiss (blitz)"]

{[%evp 9,71,24,26,27,37,26,52,50,131,22,210,19,33,16,44,25,52,-27,0,-121,-31,-26,-29,-28,-36,-42,162,-33,124,130,391,364,346,91,237,164,169,127,123,94,104,0,309,0,238,-225,-244,-267,-227,-441,-440,-449,-439,-495,-500,-852,-320,-264,0,0,0,0,0,-411]} 1. d4 d5 2. c4 Nf6 3. e3 Nc6 4. Nf3 Bg4 5. Be2 e6 6. O-O {D07: Queen's Gambit: Chigorin Defence.} Bd6 7. Nc3 {[#]} Qd7 $146 ({Predecessor:} 7... O-O 8. h3 Bh5 9. Nd2 Bg6 10. cxd5 {½-½ (10) Asik,J (2283)-Hrzic,I (2289) Belgrade 2018}) 8. h3 {White is slightly better.} Bh5 {[#]} (8... Bxf3 $14 9. Bxf3 dxc4) 9. Qa4 (9. g4 $1 $16 {[%cal Rg4h5]} Bg6 10. c5) 9... O-O-O $2 (9... dxc4 $11 10. a3 O-O) 10. cxd5 $2 ({Only move:} 10. c5 $18) 10... exd5 $11 11. Nb5 a6 12. Nxd6+ Qxd6 13. Qc2 (13. Bd2 $14) 13... g5 14. Ne5 {[#]} (14. Nxg5 $11 {remains equal.} Bxe2 15. Qxe2 (15. Nxf7 Qd7 $15)) 14... Nxe5 ({Better is} 14... Bxe2 $1 $17 15. Nxc6 (15. Nxf7 Qd7 $15) 15... Bxf1 16. Nxd8 Rxd8 17. Kxf1 Kb8) 15. Bxh5 $15 Nxh5 16. dxe5 Qxe5 17. Bd2 f5 $2 (17... Nf6 $15) 18. Rac1 $2 (18. Bc3 $18 Qe6 19. Bxh8 Rxh8 20. b4) 18... c6 $2 (18... Rhg8 $15 {keeps the upper hand.}) 19. Bc3 $36 {[%mdl 2048] White is in control.} Qd6 $2 {[%mdl 8192]} (19... Qe6 $16) 20. Bxh8 Rxh8 21. Qc5 $2 (21. Qxf5+ $18 Kb8 22. Qxg5) 21... Qe6 (21... Qxc5 $16 {keeps fighting.} 22. Rxc5 Re8) 22. Qd4 Rg8 23. b4 g4 24. h4 g3 25. f4 (25. f3 $16) 25... Qe7 $2 {[%mdl 8192]} (25... Rg4 $11 {and Black stays safe.}) 26. Rfe1 $2 (26. Qxd5 $1 $18 Rf8 27. Qc5) 26... Qxh4 $2 (26... Nf6 $11) 27. Kf1 $4 {[%mdl 8192]} (27. Qxd5 $1 $18 Qh2+ 28. Kf1) 27... Qh1+ $19 28. Ke2 Qxg2+ 29. Kd1 $2 (29. Kd3) 29... Qf3+ 30. Kc2 g2 31. Rg1 Ng3 {Strongly threatening ...Ne2.} 32. Kb1 (32. Qe5 $142 Rd8 33. Qe6+ Kb8 34. b5 cxb5 35. Qe7) 32... Ne4 $2 (32... Ne2 33. Qe5 Qe4+ 34. Qxe4 fxe4) 33. Qe5 {Hoping for Qe6+.} Qxe3 $2 (33... Nd2+ $19 34. Ka1 (34. Kc2 $2 Nc4 $19 {[%mdl 64] Double Attack}) 34... Qe4 35. Qxe4 fxe4) 34. Qe6+ $11 {[%mdl 64] Double Attack. The position is equal.} Kc7 35. Qxg8 Qd3+ 36. Ka1 $2 {[%mdl 40960] Accuracy: White = 30%, Black = 25%. . Sensor Board Error (Ke4/e5)?} (36. Rc2 $11 {and White has nothing to worry.} Qf1+ 37. Rc1 Qd3+ 38. Kb2 Qd4+ 39. Ka3 Qe3+ 40. Kb2 Qd4+ 41. Ka3 Qe3+ 42. Kb2 Qd4+) 1-0

[Event "Stay Safe Play From Home 173"]
[Site "T#646330Emanuel Laske"]
[Date "2020.05.25"]
[Round "5"]
[White "SecantFX"]
[Black "Tunca"]
[Result "0-1"]
[WhiteElo "1892"]
[BlackElo "1834"]
[Annotator "NA RC"]
[PlyCount "84"]
[EventDate "2020.05.25"]
[EventType "swiss (blitz)"]

1. g3 {[%emt 0:00:06]} d6 {[%emt 0:00:01]} 2. Bg2 {[%emt 0:00:00]} e5 {[%emt 0:00:00]} 3. f4 {[%emt 0:00:01]} f5 {[%emt 0:00:01]} 4. fxe5 {[%emt 0:00:01]} dxe5 {[%emt 0:00:00]} 5. Nf3 {[%emt 0:00:03]} Nc6 {[%emt 0:00:01]} 6. O-O {[%emt 0:00:02]} Bc5+ {[%emt 0:00:01]} 7. e3 {[%emt 0:00:02]} Nf6 {[%emt 0:00:00]} 8. Ne1 {[%emt 0:00:00]} O-O {[%emt 0:00:02]} 9. c3 {[%emt 0:00:00]} Bb6 {[%emt 0:00:02]} 10. d4 {[%emt 0:00:00]} Qe7 {[%emt 0:00:02]} 11. Nd2 {[%emt 0:00:01]} Be6 {[%emt 0:00:02]} 12. Ndf3 {[%emt 0:00:03]} Bd5 {[%emt 0:00:04]} 13. Nh4 {[%emt 0:00:02]} Bxg2 {[%emt 0:00:07]} 14. Nhxg2 {[%emt 0:00:00]} Ne4 {[%emt 0:00:01]} 15. Nd3 {[%emt 0:00:02]} Rad8 {[%emt 0:00:03]} 16. Nf2 {[%emt 0:00:02]} Ng5 {[%emt 0:00:01]} 17. Qh5 {[%emt 0:00:02]} exd4 {[%emt 0:00:03]} 18. exd4 {[%emt 0:00:02]} Rd6 {[%emt 0:00:02]} 19. Bxg5 {[%emt 0:00:03]} Qe6 {[%emt 0:00:04]} 20. Bf4 {[%emt 0:00:01]} Rd7 {[%emt 0:00:01]} 21. Rae1 {[%emt 0:00:02]} Qd5 {[%emt 0:00:01]} 22. Nd3 {[%emt 0:00:01]} Na5 {[%emt 0:00:01]} 23. b3 {[%emt 0:00:02]} c5 {[%emt 0:00:02]} 24. Be3 {[%emt 0:00:05]} cxd4 {[%emt 0:00:01]} 25. Bxd4 {[%emt 0:00:00]} Bxd4+ {[%emt 0:00:01]} 26. cxd4 {[%emt 0:00:00]} Qxd4+ {[%emt 0:00:00]} 27. Nf2 {[%emt 0:00:01]} Nc6 {[%emt 0:00:01]} 28. Nf4 {[%emt 0:00:01]} Ne5 {[%emt 0:00:02]} 29. Qe2 {[%emt 0:00:02]} Re8 {[%emt 0:00:03]} 30. Kg2 {[%emt 0:00:01]} Rde7 {[%emt 0:00:01]} 31. Qd2 {[%emt 0:00:02]} Qc5 {[%emt 0:00:01]} 32. Re3 {[%emt 0:00:02]} Nc4 {[%emt 0:00:01]} 33. Rxe7 {[%emt 0:00:01]} Nxd2 {[%emt 0:00:01]} 34. Rxe8+ {[%emt 0:00:00]} Kf7 {[%emt 0:00:00]} 35. Re2 {[%emt 0:00:01]} Ne4 {[%emt 0:00:01]} 36. Nxe4 {[%emt 0:00:01]} fxe4 {[%emt 0:00:00]} 37. Rxe4 {[%emt 0:00:01]} Kg8 {[%emt 0:00:00]} 38. Rfe1 {[%emt 0:00:01]} h6 {[%emt 0:00:00]} 39. R1e2 {[%emt 0:00:00]} Kh7 {[%emt 0:00:00]} 40. Kf3 {[%emt 0:00:00]} Qc6 {[%emt 0:00:00]} 41. R2e3 {[%emt 0:00:00]} Qxe4+ {[%emt 0:00:00]} 42. Ke2 {[%emt 0:00:00]} h5 {[%emt 0:00:00] Time (Lag: Av=0.43s, max=0.8s)} 0-1